000 00339nam a2200133Ia 4500
005 20260328101526.0
008 260328s9999||||xx |||||||||||||| ||und||
100 _aAdjaye, David
245 0 _aAfrican Metropolitan Architecture - Vol.5 :
_b Forest /
_cDavid Adjaye
260 _bRizzoli
300 _a239 p.
650 _aAFRICA
942 _cBK
999 _c9771
_d9771